| 000 | 00433nam a2200157 a 4500 | ||
|---|---|---|---|
| 001 | 1840 | ||
| 003 | CDMR | ||
| 005 | 20130116135215.0 | ||
| 008 | 130130s1992||||||||||||||||||||||||||||d | ||
| 040 |
_aCDMR _bcat _cCPC GIRONA |
||
| 100 | 1 |
_aSubirós, Pep _91374 |
|
| 245 | 1 | 0 |
_aL'esquerra i la qüestió nacional i altres paradoxes _cSubirós, Pep |
| 260 |
_c1992 _bPolítiques / Edicions 62 |
||
| 490 | 0 |
_aPolítiques _v13 _9117 |
|
| 942 | _cMON | ||
| 999 |
_c1840 _d1840 |
||